Регионална библиотека "Любен Каравелов" - Русе

Заветни лири (Запис номер 185041)

MARC детайли
000 -Лидер
Контролно поле с фиксирана дължина 02089nam a2200325 c 4500
003 - Код на организацията, давaща контролен номер
Контролно поле BLK
005 - Дата и час на последна редакция
Контролно поле 20210609083151.0
008 - Елементи от данни с фиксирана дължина
fixed length control field 180411b bul|||||r ||||||| ||bul||
010 ## - Наследен системен номер
LC control number KNG00194019000
040 ## - Източник на каталожния запис
Идентификатор на билиотеката - собственик на записа BLK
041 ## - Код за език
Код за езика на текст/звукозапис или на отделно заглавие Български
Код за езика КДБФ Български
080 ## - УДК
Текстов определител УДК Руска литература
УДК код - определител по УДК 821.161.1
УДК определител -1
УДК - код + определител 821.161.1-1
139 ## - Редно поле
Редна дума Заветни лири
Авторски знак Заве - З 15
245 10 - Сведения за заглавието
Заглавие Заветни лири
Подзаглавни данни Антология на рус. клас. поезия
Редно поле (дума) състав. Иван Александров Цветков; предг. от Петър Велчев; прев. от рус. Иванка Павлова.
257 ## - Страна на издаване
Страна на създаване/издаване Русия
260 ## - Област на издателските данни
-- София
Име на издателя, разпространителя и проч. Нар. култура
Година на издаване 1983
300 ## - Физическа характеристика
Страници 656 с.
Размери/Мащаб 21 см
380 ## - Жанр
Жанр Худож. лит.
490 1# - СЕРИИ (Колекции)
Име на серия Библиотека Световна класика
500 ## - Общи забележки
Забележка Други прев. : Ив. Теофилов, А. Александрова, Д. Боляров, Я. Димов, Л. Любенов, Гр. Ленков, П. Алипиев, Ал. Миланов, В. Хинкова, К. Кадийски, Г. Мицков, Ел. Багряна, С. Бакърджиев, П. Велчев, Г. Джагаров, Д. Тонев, Н. Бояджиев, Й. Ковачев, А. Германов, Н. Фурнаджиев, Л. Стоянов, Р. Александрова, А. Тодоров, Ив. Николов, Н. Попова, Н. Попов ; Л. Любенов - псевд. на прев. Любен Георгиев Прангов. - 15 125 тир. - Съдържа и биогр. бел. за включените в сб. авт. / Петър Велчев.
653 ## - Ключова дума – ненормативна
Ключова дума стихотворения
700 1# - Други автори (авторска отговорност)
Лично име Цветков, Иван Александров
Автороска отговорност (Описва отношението между автора и произведението) състав.
9 (RLIN) 370523
700 1# - Други автори (авторска отговорност)
Лично име Велчев, Петър
Автороска отговорност (Описва отношението между автора и произведението) предг. от
Друга информация Генев, Петър Велчев
9 (RLIN) 369325
700 1# - Други автори (авторска отговорност)
Лично име Павлова, Иванка
Автороска отговорност (Описва отношението между автора и произведението) прев. от рус.
9 (RLIN) 367089
852 ## - Местоположение
Форматна сигнатура Цб 124460
856 4# - Електронен адрес и достъп
Електронен формат pdf - файл
Път до файла /url/
856 4# - Електронен адрес и достъп
Електронен формат pdf - файл
Път до файла /url/
942 ## - АРТИКУЛИ
Вид на библиотечния материал Книги
Скрит в OPAC Не
Koha issues (borrowed), all copies 1
944 ## - СЪЗДАВАНЕ И РЕДАКЦИЯ на ЗАПИСА
Създаване/Редакция Създаване
Дата на регистрацията/редакция 20.10.2016
Служител, извършил регистрацията/редакцията Елица_Владова
944 ## - СЪЗДАВАНЕ И РЕДАКЦИЯ на ЗАПИСА
Създаване/Редакция Редакция
Дата на регистрацията/редакция 20.10.2016
Служител, извършил регистрацията/редакцията Елица_Владова
999 ## - СИСТЕМНИ КОНТРОЛНИ НОМЕРА
Koha biblionumber 185041
Koha biblioitemnumber 185041
Наличности
Код за отписване Код за изгубен артикул Източник на класификационната схема Код за повреда Коз за рестрикции Код за отдаване Артикулен № Име на библиотеката - собственик Име на библиотеката, в която се намира в момента Статус (Текущо местоположение) Дата на вписване в системата Местоположение - отдел Цена в лева Инвентарен номер Систематично азбучна сигнатура Баркод Номер на екземпляра Цена в евро Служебна бележка Служебен тип на артикула
  Не е изгубен Universal Decimal Classification Не е повреден без рестрикции ползва се в читалня 320282 Регионална библиотека "Любен Каравелов" Русе Регионална библиотека "Любен Каравелов" Русе Хранилище 1983-01-01 Хранилище 4.60 389782 Цб 124460 120000389782 1 2.35 N: стар фонд Дата: 01.01.1983 Книги
Изтеглен Не е изгубен Universal Decimal Classification Не е повреден без рестрикции заемане за дома 320283 Регионална библиотека "Любен Каравелов" Русе Регионална библиотека "Любен Каравелов" Русе Заемна - подръчен фонд 1983-01-01 Заемна - подръчен фонд 4.60 389591 П 882-1/З 15 389591 2 2.35 N: стар фонд Дата: 01.01.1983 Книги
Изтеглен Не е изгубен Universal Decimal Classification Не е повреден без рестрикции заемане за дома 320284 Регионална библиотека "Любен Каравелов" Русе Регионална библиотека "Любен Каравелов" Русе Заемна - подръчен фонд 1983-01-01 Заемна - подръчен фонд 4.60 389592 П 882-1/З 15 389592 3 2.35 N: стар фонд Дата: 01.01.1983 Дата инв: 09.02.2018 Бележки инв: П2018 Книги
Vip Innovations Ltd, Rousse, Bulgaria 2025